Państwa które już zakwalifikowały się na Mistrzostwa Świata 2026 - Statystyki

Ogólne statystyki
  • Ten quiz został rozwiązany 81 razy
    29 od ostatniego zresetowania
  • Średni wynik to 35 z 42
Statystyki odpowiedzi
Group Odpowiedź % Poprawnych
CONMEBOL(Am.Południowa) Argentyna
100%
CONMEBOL(Am.Południowa) Brazylia
100%
CONMEBOL(Am.Południowa) Ekwador
100%
UEFA(Europa) Francja
100%
UEFA(Europa) Hiszpania
100%
AFC(Azja) Japonia
100%
Gospodarz Kanada
100%
CONMEBOL(Am.Południowa) Kolumbia
100%
Gospodarz Meksyk
100%
UEFA(Europa) Portugalia
100%
Gospodarz Stany Zjednoczone
100%
CONCACAF(Am.Północna) Curacao
93%
UEFA(Europa) Holandia
93%
OFC(Oceania) Nowa Zelandia
93%
CONMEBOL(Am.Południowa) Urugwaj
93%
UEFA(Europa) Anglia
86%
UEFA(Europa) Chorwacja
86%
AFC(Azja) Iran
86%
AFC(Azja) Korea Południowa
86%
UEFA(Europa) Niemcy
86%
UEFA(Europa) Norwegia
86%
CONCACAF(Am.Północna) Panama
86%
CONMEBOL(Am.Południowa) Paragwaj
86%
CAF(Afryka) Algieria
79%
AFC(Azja) Australia
79%
CAF(Afryka) Maroko
79%
CAF(Afryka) Senegal
79%
CAF(Afryka) Tunezja
79%
UEFA(Europa) Austria
71%
UEFA(Europa) Belgia
71%
CAF(Afryka) Egipt
71%
CAF(Afryka) Ghana
71%
CONCACAF(Am.Północna) Haiti
71%
AFC(Azja) Jordania
71%
AFC(Azja) Katar
71%
CAF(Afryka) Republika Południowej Afryki
71%
UEFA(Europa) Szwajcaria
71%
AFC(Azja) Arabia Saudyjska
64%
CAF(Afryka) Republika Zielonego Przylądka
64%
UEFA(Europa) Szkocja
64%
AFC(Azja) Uzbekistan
64%
CAF(Afryka) Wybrzeże Kości Słoniowej
64%
Nie znaleziono quizów pasujących do podanych kryteriów
Rozkład punktacji
Procent ludzi z każdym wynikiem
Percentyl według liczby udzielonych odpowiedzi
Twoja historia wyników
Nie rozwiązałeś tego quizu od ostatniego zresetowania